000 00701nam a2200241Ia 4500
005 20260430150314.0
008 008 250103s9999 xx 000 0 eng d
037 _aTheses
040 _aCRL
040 _beng
040 _ceng
041 _2eng
041 _aeng
084 _qCRL
100 _aPandey Atul Au.; Gupta Indivar Gu.; Singh Dhiraj Kumar Gu.
_91237095
245 0 _aDesigning and Analysis of Public Key Cryptographic Photocols Using Certain Algebraic Structures
260 _c2022
300 _a94
650 _aMathematics
700 _aUniversity of Delhi. Faculty of Mathematical Sciences. Deptt. of Mathematics
_91237071
942 _cTH
999 _c1849463
_d1849463